<?xml version="1.0" encoding="UTF-8"?>
<record
    xmlns:xsi="http://www.w3.org/2001/XMLSchema-instance"
    xsi:schemaLocation="http://www.loc.gov/MARC21/slim http://www.loc.gov/standards/marcxml/schema/MARC21slim.xsd"
    xmlns="http://www.loc.gov/MARC21/slim">

  <leader>02495nam a22002537a 4500</leader>
  <controlfield tag="005">20240305165519.0</controlfield>
  <controlfield tag="007">cr||||   |||| </controlfield>
  <controlfield tag="008">190407s2018    es |||||s|||| 00||0 spa d</controlfield>
  <datafield tag="020" ind1=" " ind2=" ">
    <subfield code="a">978-84-948453-0-7</subfield>
  </datafield>
  <datafield tag="035" ind1=" " ind2=" ">
    <subfield code="a">23051</subfield>
  </datafield>
  <datafield tag="040" ind1=" " ind2=" ">
    <subfield code="a">vLex</subfield>
  </datafield>
  <datafield tag="090" ind1=" " ind2=" ">
    <subfield code="c">8573</subfield>
    <subfield code="d">8573</subfield>
  </datafield>
  <datafield tag="100" ind1="1" ind2=" ">
    <subfield code="a">Fugardo Estivill, Josep Maria</subfield>
  </datafield>
  <datafield tag="245" ind1="1" ind2="0">
    <subfield code="a">Procreaci&#xF3;n humana y acciones de responsabilidad</subfield>
    <subfield code="h">[Recurso electr&#xF3;nico] :</subfield>
    <subfield code="b">Derecho espa&#xF1;ol y comparado /</subfield>
    <subfield code="c">Josep Maria Fugardo Estivill</subfield>
  </datafield>
  <datafield tag="256" ind1=" " ind2=" ">
    <subfield code="a">Servicio en l&#xED;nea</subfield>
  </datafield>
  <datafield tag="260" ind1=" " ind2=" ">
    <subfield code="a">Barcelona:</subfield>
    <subfield code="b">J.M. Bosch Editor,</subfield>
    <subfield code="c">2018</subfield>
  </datafield>
  <datafield tag="300" ind1=" " ind2=" ">
    <subfield code="a">1 recurso electr&#xF3;nico</subfield>
  </datafield>
  <datafield tag="500" ind1=" " ind2=" ">
    <subfield code="a">En la primera parte de este libro se trata sobre cuestiones relativas a los derechos procreativos, la salud sexual y reproductiva, la gestaci&#xF3;n por sustituci&#xF3;n, la protecci&#xF3;n jur&#xED;dica de la vida gen&#xE9;tica y prenatal, el consentimiento m&#xE9;dico informado, el contenido de la lex artis m&#xE9;dica, y la causalidad, imputabilidad y responsabilidad civil por da&#xF1;os derivados del ejercicio de los derechos procreativos. En la parte segunda, se definen y examinan determinadas clases de acciones de responsabilidad civil referentes a los derechos positivo y negativo a procrear, en especial, las acciones de responsabilidad conocidas como concepci&#xF3;n no deseada (wrongful conception o pregnancy); nacimiento inapropiado (wrongful birth); vida inapropiada (wrongful life); y muerte err&#xF3;nea (wrongful death). En la parte final, se estudian otras acciones de responsabilidad relacionadas con la procreaci&#xF3;n, la interrupci&#xF3;n del embarazo, el delito de lesiones al feto, y la controvertida responsabilidad parental por la causaci&#xF3;n de da&#xF1;os o lesiones prenatales. La obra se centra fundamentalmente en la legislaci&#xF3;n, doctrina y jurisprudencia de Derecho espa&#xF1;ol y se tienen en cuenta, las Convenciones internacionales, la doctrina jur&#xED;dica y bio&#xE9;tica, y determinados casos judiciales de Derecho comparado, especialmente, los procedentes del Derecho anglosaj&#xF3;n.</subfield>
  </datafield>
  <datafield tag="506" ind1="1" ind2=" ">
    <subfield code="a">Disponible solo en los productos indicados</subfield>
    <subfield code="d">vLex Global</subfield>
    <subfield code="d">vLex Global (Academic Edition, excluding Law Schools)</subfield>
    <subfield code="d">vLex Global (U.S. Academic Edition, Law Schools)</subfield>
    <subfield code="d">vLex Global (U.S. Academic Edition, excluding Law Schools)</subfield>
    <subfield code="d">vLex Global (Academic Edition, Law Schools)</subfield>
  </datafield>
  <datafield tag="650" ind1="0" ind2="4">
    <subfield code="a">Derecho Civil</subfield>
    <subfield code="z">Espa&#xF1;a</subfield>
  </datafield>
  <datafield tag="740" ind1="0" ind2=" ">
    <subfield code="a">vLex Libros (Servicio en l&#xED;nea)</subfield>
  </datafield>
  <datafield tag="856" ind1="4" ind2="0">
    <subfield code="u">https://app.vlex.com/#/sources/procreacion-humana-y-acciones-de-responsabilidad-derecho-espa-ol-y-comparado-23051</subfield>
  </datafield>
  <datafield tag="942" ind1=" " ind2=" ">
    <subfield code="c">RAA</subfield>
  </datafield>
  <datafield tag="952" ind1=" " ind2=" ">
    <subfield code="0">0</subfield>
    <subfield code="1">0</subfield>
    <subfield code="4">0</subfield>
    <subfield code="7">0</subfield>
    <subfield code="8">VLEX</subfield>
    <subfield code="9">324784</subfield>
    <subfield code="a">BD-UIN</subfield>
    <subfield code="b">BD-UIN</subfield>
    <subfield code="d">2024-03-05</subfield>
    <subfield code="l">0</subfield>
    <subfield code="p">23051</subfield>
    <subfield code="r">2024-03-05</subfield>
    <subfield code="w">2024-03-05</subfield>
    <subfield code="y">RAA</subfield>
  </datafield>
  <datafield tag="999" ind1=" " ind2=" ">
    <subfield code="c">166810</subfield>
    <subfield code="d">166810</subfield>
  </datafield>
</record>
